000 01183nam a2200205 4500
008 240228b |||||||| |||| 00| 0 eng d
020 _a9785672235
082 _a346.044
_bMAU
100 _aமௌனகுரு, சித்திரலேகா
_v Maunaguru, Sitralega
242 _aPenkalin Nilam
245 _aபெண்களின் நிலம்:
_bமட்டக்களப்பில் சுனாமிக்குப் பின்னர் மீள்குடியேற்ற முன்னெடுப்பில் பெண்களின் காணி உரிமைகள் பற்றிய ஆய்வு
260 _aBatticaloa:
_bSuriya women's development centre,
_c2010
300 _a viii, 63 p. : color ill., maps (some color); 30 cm
650 _aWomen and land use planning- Sri Lanka- Batticaloa District
650 _aRight of property- Sri Lanka- Batticaloa District
650 _aLand tenure- Sri Lanka- Batticaloa District
700 _aஇமானுவேல், சரளா
_yEmmanuel, Sarala
700 _aமுருகதாஸ், அம்மன்கிளி
_etrans.
_yMurugathas, Ammankili
942 _cRP
999 _c4825
_d4825